00743nam a2200169 a 450000100100000000500170001000800410002704000250006824501020009326000690019530000360026450400310030004900090033195201050034095201110044599900170055600002921620200930055413.0110414s2007 dr ad 000 0 spa d aDO-SdBNPbspacBNPHU 3aLa jefatura femenina de hogar en República Dominicana :bun estudio a partir de datos censales. aSanto Domingo :bOficina Nacional de Estadística (ONE),c2007. a28 p. :bil., gráf. ;c23 cm. aBibliografía : p. 27 -28 aBNPD 0010718PDaPDbPDcCTd2011-04-14iLF1l0o p29216-10r2020-06-25w2020-06-25yLFPDZNo se presta 0010718PDaPDbPDcCTd2011-07-01iLF1l0o p29216-20r2020-06-25te. 2w2020-06-25yLFPDZNo se presta c28708d28708